SBOROVÝ FESTIVAL BRNO 1961

Bibliographic Details
Main Author: Zd., Zouhar (Author)
Format: Article
Language:Czech

MARC

LEADER 00000nab a2200000uu 4500
001 vtls010883415
003 SK-MaSNL
005 20260303145054.0
008 230222|1961 xo |||||||||||||||||cze|
015 |a SNBRB 
035 |a (urnnbn)urn:nbn:sk:snk:ar-0025gh 
035 |a (uuid)03b8838f-015d-4d04-9af3-fac2a9f57871 
035 |a urn:nbn:sk:snk-ab8ey7 
040 |a SNKBUCL  |b slo  |c SNKBUCL  |e AACR2 
041 0 |a cze 
044 |a xo  |c SK 
100 1 |a Zd., Zouhar  |4 aut  |9 1166626 
245 1 0 |a SBOROVÝ FESTIVAL BRNO 1961  |c Zd. Zouhar 
773 0 |t Slovenská hudba : revue pre hudobnú kultúru  |g Roč. 5, č. 6 (1961), s. 285-286 
958 |a OND 
958 |a EUIPO 
958 |a article10 
999 |c 2000230  |d 2002160